000 00491nam a2200193Ia 4500
008 151121s9999||||xx |||||||||||||| ||und||
082 _a823/ BAR
082 _bHNW-65020
100 _aBaranskaya Natalya
245 2 _aA Week Like Any Other
260 _b"Virago Press Ltd।, London।"
260 _c--
300 _a231
600 _aBaranskaya Natalya
630 _aA Week Like Any Other
700 _aBaranskaya Natalya
730 _aA Week Like Any Other
942 _cBOOK
999 _c1246544
_d1246541